| 000 | 00834nam a2200229 i 4500 | ||
|---|---|---|---|
| 001 | 113308 | ||
| 003 | ES-MaACL | ||
| 005 | 20230906185836.0 | ||
| 007 | t| | ||
| 008 | 061121s1979 fr r ||||1| fre d | ||
| 020 | _a2-7073-0297-X | ||
| 111 | 2 |
_aColloque Philosophique International ( _n7º. _d1964. _cRoyaumont) _9135060 |
|
| 245 | 1 | 0 |
_aNietzsche _b: aptes / _cdu VII Colloque philosophique international de Royaumont, 4-8 juillet 1964 ; Fondation Royaumont. |
| 260 |
_aParis : _bMinuit, _c1979. |
||
| 300 |
_a287 p. ; _c22 cm. |
||
| 490 | 1 |
_aCahiers de royaumont ; _v6 |
|
| 600 | 1 | 4 |
_aNietzsche, Friedrich, _d1844-1900- _xCrítica e interpretación _985721 |
| 710 | 2 |
_aFondation Royaumont. _94140 |
|
| 830 | 0 |
_aCahiers de royaumont ; _v6 _9186455 |
|
| 852 |
_aES-MaACL _jL-12000 _bR.113478 |
||
| 999 |
_c113308 _d113308 |
||